عزیز احمد قلمکار خوش قد / (Record no. 103996)

MARC details
000 -LEADER
fixed length control field 00678nam a22001937a 4500
005 - DATE AND TIME OF LATEST TRANSACTION
control field 20220927110459.0
010 ## - LCCN (DPL NO)
LC control number UR-9490
020 ## - INTERNATIONAL STANDARD BOOK NUMBER
International Standard Book Number 9789350738689
Terms of availability 200.00
035 ## - SYSTEM CONTROL NUMBER
System control number U-8045
037 ## - SOURCE OF ACQUISITION
Source of stock number/acquisition DBAD/PUB
082 ## - DEWEY DECIMAL CLASSIFICATION NUMBER
Classification number 840.08
100 ## - MAIN ENTRY--PERSONAL NAME
Personal name راوف خیر
245 ## - TITLE STATEMENT
Title عزیز احمد قلمکار خوش قد /
Statement of responsibility, etc راوف خیر
246 ## - VARYING FORM OF TITLE
Title proper/short title Aziz Ahmed Qalamkar-e-Khushqad /
Remainder of title By Raoof Khair
260 ## - PUBLICATION, DISTRIBUTION, ETC. (IMPRINT)
Place of publication, distribution, etc دہلی
Name of publisher, distributor, etc ایجو کیشنل پبلیشںگ ہاؤس
Date of publication, distribution, etc 2016 ء
270 ## - ADDRESS
Address ٣١٩١،وکیل سٹریٹ،کچہ پنڈت ، لال کان
City دھلی
Postal code 110006
Telephone number 23216162
300 ## - PHYSICAL DESCRIPTION
Extent 184 ص
Dimensions 22cm(Hb)
942 ## - ADDED ENTRY ELEMENTS (KOHA)
Source of classification or shelving scheme Dewey Decimal Classification
Item type Urdu Bks
Classification part 840.08
Call number suffix ر و ف
Holdings
Withdrawn status Lost status Not for loan Collection code Home library Current library Date acquired Source of acquisition Cost, normal purchase price Full call number Barcode Copy number Cost, replacement price Koha item type
      Non-fiction Sarojini Nagar Sarojini Nagar 13/10/2016 DBAD/PUB 200.00 840.08 ر و ف U-8045 1 200.00 Urdu Bks

© Delhi Public Library
Hit Counter
free hit counter